Nicaragua: fue empate, no derrota (entrevista al Comandante Franklin, Jefe Militar de la Resistencia Nicaragüense) /
Entrevista al Comandante Franklin, Jefe Militar de la Resistencia Nicaraguense. Entre los diferentes tópicos, se destaca, la afirmación de que su agrupación no tiene compromisos de ninguna clase, ni con los Estados Unidos, ni con la Unión Opositora Nicaraguense (UNO), que llevó al poder a Violeta Ch...
Na minha lista:
| Autor principal: | |
|---|---|
| Formato: | Texto |
| Idioma: | Spanish |
| Assuntos: | |
| Tags: |
Adicionar Tag
Sem tags, seja o primeiro a adicionar uma tag!
|
MARC
| LEADER | 00000 a a2200000 04500 | ||
|---|---|---|---|
| 001 | 12320 | ||
| 003 | cru IIS | ||
| 005 | 20221017110000.0 | ||
| 008 | 221017b |||||||| |||| 00| 0 spa d | ||
| 040 | |c cru IIS | ||
| 100 | |a Moya, José | ||
| 245 | 1 | |a Nicaragua: |b fue empate, no derrota (entrevista al Comandante Franklin, Jefe Militar de la Resistencia Nicaragüense) / |c José Moya | |
| 500 | |a Colección Centroamérica | ||
| 520 | |a Entrevista al Comandante Franklin, Jefe Militar de la Resistencia Nicaraguense. Entre los diferentes tópicos, se destaca, la afirmación de que su agrupación no tiene compromisos de ninguna clase, ni con los Estados Unidos, ni con la Unión Opositora Nicaraguense (UNO), que llevó al poder a Violeta Chamorro. Que su desmovilización depende de los cambios que se hagan en Managua como serían: el desmantelamiento de la estructura de poder del sandinismo y de la destitución del General Humberto Ortega como Jefe del Ejército Popular Sandinista (EPS). AR/JM | ||
| 650 | |a PROBLEMAS POLITICOS | ||
| 650 | |a CONCILIACION | ||
| 650 | |a GUERRILLEROS | ||
| 650 | |a ARMAS | ||
| 651 | 0 | |9 1861 |a NICARAGUA | |
| 773 | |g volumen 8, número 70; páginas 29-30 | ||
| 773 | 0 | |0 43109 |9 7807 |a Coordinadora Regional de Investigaciones Económicas y Sociales |d Managua, Nicaragua: CRIES, 1982- |o 22390 |t Pensamiento Propio / | |
| 942 | |2 ddc |c PP | ||
| 999 | |c 21060 |d 21060 | ||
